ਹਮਰੀ ਗਤਿ-ਮਿਤਿ / (Record no. 71155)

MARC details
000 -LEADER
fixed length control field 01048nam a22002657a 4500
005 - DATE AND TIME OF LATEST TRANSACTION
control field 2009080405165.0
008 - FIXED-LENGTH DATA ELEMENTS--GENERAL INFORMATION
fixed length control field 090728t xxu||||| |||| 00| 0 pun d
010 ## - LCCN (DPL NO)
LC control number PUN-7448
020 ## - INTERNATIONAL STANDARD BOOK NUMBER
Terms of availability 560.00
International Standard Book Number 81876542315
035 ## - SYSTEM CONTROL NUMBER
System control number PN-6566
037 ## - SOURCE OF ACQUISITION
Source of stock number/acquisition DBAD / PUB/Manpreet Prakashan
040 ## - CATALOGING SOURCE
Original cataloging agency dpl
Language of cataloging PN
082 ## - DEWEY DECIMAL CLASSIFICATION NUMBER
Classification number 851.08
100 ## - MAIN ENTRY--PERSONAL NAME
9 (RLIN) 37323
Personal name ਗਿੱਲ, ਮਹਿੰਦਰ ਕੋਰ
245 ## - TITLE STATEMENT
Title ਹਮਰੀ ਗਤਿ-ਮਿਤਿ /
Statement of responsibility, etc ਮਹਿੰਦਰ ਕੋਰ ਗਿੱਲ
246 ## - VARYING FORM OF TITLE
Title proper/short title Hamri Gat-Mit
Remainder of title by Mohinder Kaur Gill
260 ## - PUBLICATION, DISTRIBUTION, ETC. (IMPRINT)
Place of publication, distribution, etc Delhi
Name of publisher, distributor, etc Manpreet Prakashan
Date of publication, distribution, etc 2011
270 ## - ADDRESS
City 16/16,1st Floor,Geeta Colony
Address Delhi
Telephone number 9312271252
Postal code 110031
Electronic mail address manpreet1948@gmail.com
300 ## - PHYSICAL DESCRIPTION
Extent 368ਪਂ;
Other physical details 21ਸੇਂਮੀ(ਸਜਿਲਦ)
650 ## - SUBJECT ADDED ENTRY--TOPICAL TERM
9 (RLIN) 37324
650 ## - SUBJECT ADDED ENTRY--TOPICAL TERM
9 (RLIN) 37325
700 ## - ADDED ENTRY--PERSONAL NAME
9 (RLIN) 53424
942 ## - ADDED ENTRY ELEMENTS (KOHA)
Source of classification or shelving scheme Dewey Decimal Classification
Item type Punjabi Bks
Classification part 851.08
Call number suffix ਗਿੱਲਮ
Holdings
Withdrawn status Lost status Source of classification or shelving scheme Damaged status Not for loan Collection code Home library Current library Date acquired Source of acquisition Cost, normal purchase price Total Checkouts Full call number Barcode Date last seen Copy number Cost, replacement price Koha item type
    Dewey Decimal Classification     Non-fiction D.B.Act.Division D.B.Act.Division 30/10/2012 DBAD / PUB 560.00   851.08 ਗਿੱਲਮ PN-6566 30/10/2012 1 560.00 Punjabi Bks

© Delhi Public Library
Hit Counter
free hit counter